|
|
|
|
| LEADER |
01001nam a22002657a 4500 |
| 001 |
32569 |
| 003 |
BD-DhAAL |
| 005 |
20211115131537.0 |
| 008 |
180111t1994 xxka|||| bi|| 001 0 eng d |
| 999 |
|
|
|c 38955
|d 38955
|
| 020 |
|
|
|a 1854903071
|
| 020 |
|
|
|a 9781854903075
|
| 082 |
|
|
|a 724.901
|2 23
|
| 100 |
|
|
|a Rowe, Colin
|9 24768
|
| 245 |
|
|
|a The architecture of good intentions :
|b towards a possible retrospect /
|c Colin Rowe
|
| 260 |
|
|
|a London :
|b Academy Editions,
|c 1994
|
| 300 |
|
|
|a 144 pages :
|b illustrations ;
|c 28 cm.
|
| 504 |
|
|
|6 Includes bibliographical references and index.
|
| 526 |
|
|
|a AAL
|
| 541 |
|
|
|a Development Book Agency
|e 32569
|
| 650 |
|
|
|a Architecture, Modern
|y 20th century.
|9 24769
|
| 650 |
|
|
|a Architecture.
|9 42673
|
| 852 |
|
|
|a Ayesha Abed Library
|c General Stacks
|
| 942 |
|
|
|2 ddc
|c BK
|
| 952 |
|
|
|0 0
|1 0
|2 ddc
|4 0
|6 724_901000000000000_ROW
|7 0
|9 62560
|a BRACUL
|b BRACUL
|c GEN
|d 2018-01-10
|e Development Book Agency
|g 8900.00
|l 0
|o 724.901 ROW
|p 3010032569
|r 2018-01-10
|t 1
|v 8900.00
|w 2018-01-10
|y BK
|